000 00492nam a2200193Ia 4500
008 151121s9999||||xx |||||||||||||| ||und||
082 _aC।S।
082 _bHNW-66448
100 _aKartarsingh
245 _aStories From The Sikh History
260 _b"Hemkant Press, N। Delhi।"
260 _c--
300 _a128
600 _aKartarsingh
630 _aStories From The Sikh History
700 _aKartarsingh
730 _aStories From The Sikh History
942 _cBOOK
999 _c1247945
_d1247942